[Event "British Rapidplay"]
[Site "Peterborough"]
[Date "2024.03.03"]
[Round "9"]
[White "Hill, Callum"]
[Black "Mokhber Garcia, Sebastian"]
[Result "0-1"]
[WhiteElo "1542"]
[BlackElo "1772"]
[PlyCount "86"]
[EventDate "2024.03.02"]
[EventType "swiss (rapid)"]
[EventRounds "11"]
[EventCountry "ENG"]
[SourceTitle "CB10_2024"]
[SourceDate "2024.03.06"]
[SourceVersion "1"]
[SourceVersionDate "2024.03.06"]
[SourceQuality "1"]

1. e4 e5 2. Nf3 Nc6 3. d4 exd4 4. Bc4 Nf6 5. 0-0 d5 6. exd5 Nxd5 7. Nxd4 Nxd4 8. Qxd4 Be6 9. Re1 c6 10. f4 Qa5 11. Bd2 Bc5 12. Bxa5 Bxd4+ 13. Kh1 Bxb2 14. Bxd5 cxd5 15. f5 Bxa1 16. fxe6 Bf6 17. e7 Rc8 18. Na3 b6 19. Nb5 bxa5 20. Nd6+ Kd7 21. Nxc8 Rxc8 22. e8Q+ Rxe8 23. Rxe8 Kxe8 24. Kg1 Kd7 25. Kf2 Kc6 26. Ke2 Kb5 27. Kd3 Ka4 28. c4 dxc4+ 29. Kxc4 Ka3 30. h3 Kxa2 31. Kd3 Kb2 32. g4 a4 33. g5 Bxg5 34. h4 Bf6 35. h5 a3 36. h6 gxh6 37. Kc4 a2 38. Kb5 a1Q 39. Kc6 Qa6+ 40. Kd7 Qe6+ 41. Kc7 Be5+ 42. Kb7 Qb6+ 43. Ka8 Qb8# 0-1